lacy - Olivia Rodrigo (All Lyrics) - Statistics

General Stats
  • This quiz has been taken 316 times
    304 since last reset
  • The average score is 179 of 219
Answer Stats
Lyrics % Correct
Lacy,
99%
I
98%
oh
98%
Oh,
98%
oh,
98%
you
97%
You
97%
like
96%
Like
96%
the
93%
The
93%
thing
92%
on
91%
skin
90%
that
90%
to
90%
it
89%
are
88%
care,
88%
care
88%
ever
88%
of
88%
your
87%
all
86%
Aren't
86%
aren't
86%
do
86%
in
86%
my
86%
try,
85%
try
85%
Try
85%
pastry
84%
sweetest
84%
I'm
83%
this
83%
side
82%
angel
81%
Hell?
81%
puff
81%
every
80%
not
80%
one
80%
lately
79%
But
78%
eyes
78%
well?
78%
Well,
78%
you're
78%
doin'
77%
hair,
77%
wear,
77%
exist?
75%
it's
75%
me
75%
time
75%
And
74%
and
74%
got
74%
see
74%
perfume
73%
ribbons
73%
tell
73%
Did
72%
want
72%
as
71%
bullets
71%
could
71%
daisies
71%
Dear
71%
everywhere
71%
get
71%
linger
71%
losin'
71%
takes
71%
made
70%
dust
69%
feel
69%
over
69%
compliments
68%
life,
68%
Ooh,
68%
ooh,
68%
little
67%
torture
67%
out
66%
knots
65%
rationalize,
65%
people
64%
sexy
63%
Smart,
63%
greatest
62%
stomach's
62%
how
61%
plain
61%
white
61%
bear
60%
mind
60%
poison
60%
sight
60%
despise
59%
they
59%
Watching,
59%
just
58%
for
57%
fell
56%
jealous
56%
much
56%
Dazzling
55%
Yeah,
55%
hidden
54%
worships
53%
hard
51%
rotten
50%
reincarnate
49%
loathe
47%
starlet,
40%
Bardot
38%
No matching quizzes found
Score Distribution
Percent of People with Each Score
Percentile by Number Answered
Your Score History
You have not taken this quiz since the last reset